000 00548nam a2200229Ia 4500
003 OSt
005 20221005123028.0
006 a|||||r|||| 00| 0
007 ta
008 221004b |||||||| |||| 00| 0 per d
024 _a64879
037 _cTextual
040 _aCRL
_cCRL
_bper
041 _2per
_aper
082 _az, 164F3
100 _aShirazi Au.
_95772
245 0 _aKhairabat-e-Faqeer Shirazi
260 _c1925
650 _aGENERALIA
942 _hz, 164F3
_cTEXL
_2cc
999 _c1046180
_d1046180